MARC details
| 000 -LEADER |
| fixed length control field |
00946 a2200265 4500 |
| 001 - CONTROL NUMBER |
| control field |
200129674 |
| 003 - CONTROL NUMBER IDENTIFIER |
| control field |
TR-AnTOB |
| 005 - DATE AND TIME OF LATEST TRANSACTION |
| control field |
20241121154112.0 |
| 008 - FIXED-LENGTH DATA ELEMENTS--GENERAL INFORMATION |
| fixed length control field |
190527b xxu||||| |||| 00| 0 tur d |
| 020 ## - INTERNATIONAL STANDARD BOOK NUMBER |
| International Standard Book Number |
9789751952493 |
| 040 ## - CATALOGING SOURCE |
| Original cataloging agency |
TR-AnTOB |
| Transcribing agency |
TR-AnTOB |
| 041 ## - LANGUAGE CODE |
| Language code of text/sound track or separate title |
Türkçe |
| 050 ## - LIBRARY OF CONGRESS CALL NUMBER |
| Classification number |
Z7554.T9 |
| Item number |
T87 2012 |
| 090 ## - LOCALLY ASSIGNED LC-TYPE CALL NUMBER (OCLC); LOCAL CALL NUMBER (RLIN) |
| Classification number (OCLC) (R) ; Classification number, CALL (RLIN) (NR) |
Z7554 .T9 T87 2012 |
| 245 10 - TITLE STATEMENT |
| Title |
TÜİK veriye erişim ve yayın kataloğu = |
| Remainder of title |
TürkStat data access and publication catalogue 2012 / |
| Statement of responsibility, etc. |
haz. Türkiye İstatistik Kurumu. |
| 264 #1 - PRODUCTION, PUBLICATION, DISTRIBUTION, MANUFACTURE, AND COPYRIGHT NOTICE |
| Place of production, publication, distribution, manufacture |
Ankara: |
| Name of producer, publisher, distributor, manufacturer |
Türkiye İstatistik Kurumu, |
| Date of production, publication, distribution, manufacture, or copyright notice |
2012 |
| 300 ## - PHYSICAL DESCRIPTION |
| Extent |
104 p. : |
| Other physical details |
ill. ; |
| Dimensions |
21 x 21 cm. |
| 490 0# - SERIES STATEMENT |
| Series statement |
Türkiye İstatistik Kurumu yayın ; |
| Volume/sequential designation |
no 3644. |
| 500 ## - GENERAL NOTE |
| General note |
English and Turkish. |
| 610 20 - SUBJECT ADDED ENTRY--CORPORATE NAME |
| Corporate name or jurisdiction name as entry element |
Türkiye İstatistik Kurumu |
| 9 (RLIN) |
43555 |
| 651 00 - SUBJECT ADDED ENTRY--GEOGRAPHIC NAME |
| Geographic name |
Turkey |
| Form subdivision |
Statistics |
| -- |
Bibliography |
| -- |
Catalogs |
| 9 (RLIN) |
104848 |
|
| Geographic name |
Türkiye |
| Form subdivision |
İstatistikler |
| -- |
Bibliyografya |
| -- |
Kataloglar |
| 9 (RLIN) |
104847 |
| 942 ## - ADDED ENTRY ELEMENTS (KOHA) |
| Koha item type |
Book |
| Source of classification or shelving scheme |
Library of Congress Classification |